Building with poop / by Ellen Lawrence.
For many people, a handful of poop is the building material for constructing a home! Filled with information perfectly suited to the abilities and interests of an early elementary audience, this colorful, fact-filled book gives readers a chance not only to learn, but also to develop their powers of observation and critical thinking.
Record details
- ISBN: 9781684022472
- ISBN: 1684022479
- Physical Description: 24 pages : color illustrations ; 21 x 26 cm.
- Publisher: New York, New York : Bearport Publishing, [2018]
Content descriptions
| Bibliography, etc. Note: | Includes bibliographical references and index. |
| Formatted Contents Note: | A door made of droppings -- Poop protection -- A wall of waste -- Poopy home improvements -- Tiny termite tunnels -- Ancient dung houses -- Homes in a hurry -- Decorating with dung -- From dirty diapers to roofing. |
| Target Audience Note: | Ages 5-8. |
Search for related items by subject
Search for related items by series
| LDR | 01978cam a2200409 i 4500 | ||
|---|---|---|---|
| 001 | 151295 | ||
| 003 | CONS | ||
| 005 | 20190610125130.0 | ||
| 008 | 170525s2018 nyua j b 001 0 eng c | ||
| 010 | . | ‡a 2017017300 | |
| 020 | . | ‡a9781684022472 ‡q(hardcover) | |
| 020 | . | ‡a1684022479 ‡q(hardcover) | |
| 035 | . | ‡a(CPomAG)LMN612618 | |
| 042 | . | ‡apcc | |
| 050 | 0 | 0. | ‡aQL756 ‡b.L39 2018 |
| 082 | 0 | 4. | ‡a591.56/4 ‡223 |
| 100 | 1 | . | ‡aLawrence, Ellen, ‡d1967- ‡eauthor. |
| 245 | 1 | 0. | ‡aBuilding with poop / ‡cby Ellen Lawrence. |
| 264 | 1. | ‡aNew York, New York : ‡bBearport Publishing, ‡c[2018] | |
| 300 | . | ‡a24 pages : ‡bcolor illustrations ; ‡c21 x 26 cm. | |
| 336 | . | ‡atext ‡btxt ‡2rdacontent | |
| 337 | . | ‡aunmediated ‡bn ‡2rdamedia | |
| 338 | . | ‡avolume ‡bnc ‡2rdacarrier | |
| 490 | 1 | . | ‡aThe scoop on poop |
| 504 | . | ‡aIncludes bibliographical references and index. | |
| 505 | 0 | . | ‡aA door made of droppings -- Poop protection -- A wall of waste -- Poopy home improvements -- Tiny termite tunnels -- Ancient dung houses -- Homes in a hurry -- Decorating with dung -- From dirty diapers to roofing. |
| 520 | . | ‡aFor many people, a handful of poop is the building material for constructing a home! Filled with information perfectly suited to the abilities and interests of an early elementary audience, this colorful, fact-filled book gives readers a chance not only to learn, but also to develop their powers of observation and critical thinking. | |
| 521 | 1 | . | ‡aAges 5-8. |
| 650 | 0. | ‡aAnimals ‡xHabitations ‡vJuvenile literature. | |
| 650 | 0. | ‡aAnimal droppings ‡vJuvenile literature. | |
| 650 | 0. | ‡aAnimal behavior ‡vJuvenile literature. | |
| 650 | 0. | ‡aBuilding materials ‡vJuvenile literature. | |
| 650 | 0. | ‡aDwellings ‡vJuvenile literature. | |
| 800 | 1 | . | ‡aLawrence, Ellen, ‡d1967- ‡tScoop on poop. |
| 914 | . | ‡aSCP_LP | |
| 959 | . | ‡i32269001116238 ‡lJ 591.47 Law ‡aJuvenile - NonFiction ‡tJuv Nonfiction ‡g25.00 | |
| 852 | . | ‡p32269001116238 ‡jJ 591.47 Law ‡gJuvenile - NonFiction ‡cJuv Nonfiction ‡y25.00 ‡bSBPL | |
| 901 | . | ‡a151295 ‡bUnknown ‡c151295 ‡tbiblio | |